The theory of machines : A text book for engineering students
The general layout of the book remains unchanged in this edition, but some sections have been revised and expanded, as well as some diagrams redrawn. This book is mainly designed for students of mechanical engineering
Сохранить в:
| Главный автор: | |
|---|---|
| Формат: | |
| Язык: | Vietnamese |
| Опубликовано: |
London
Longmans, Green and Co
1956
|
| Редактирование: | 3rd edition |
| Предметы: | |
| Метки: |
Добавить метку
Нет меток, Требуется 1-ая метка записи!
|
| Thư viện lưu trữ: | Thư viện Trường Đại học Nam Cần Thơ |
|---|
| LEADER | 01002nam a22002057a 4500 | ||
|---|---|---|---|
| 001 | NCT_151902 | ||
| 008 | 230609b xxu||||| |||| 00| 0 vie d | ||
| 999 | |c 7858 |d 7858 | ||
| 082 | 0 | 4 | |2 23rd ed. |a 621.8 |b B571 |
| 100 | 1 | |a Bevan, Thomas | |
| 245 | 1 | 0 | |a The theory of machines |b : A text book for engineering students |c Thomas Bevan |
| 250 | |a 3rd edition | ||
| 260 | |a London |b Longmans, Green and Co |c 1956 | ||
| 300 | |a 621 p. |b ill. |c 22cm | ||
| 504 | |a Includes bibliographical references and index | ||
| 520 | 3 | |a The general layout of the book remains unchanged in this edition, but some sections have been revised and expanded, as well as some diagrams redrawn. This book is mainly designed for students of mechanical engineering | |
| 653 | |a Công nghệ kỹ thuật ô tô | ||
| 942 | |2 ddc |c BK | ||
| 952 | |0 0 |1 0 |2 ddc |4 0 |6 621_800000000000000_B571 |7 0 |9 27853 |a 000001 |b 000001 |d 2023-06-09 |o 621.8 B571 |p MD.21886 |r 2023-06-09 |w 2023-06-09 |y BK | ||
| 980 | |a Thư viện Trường Đại học Nam Cần Thơ | ||